00720nam a2200193 i 450000100060000000300090000600500170001500700030003200800410003510000220007624501240009826000410022230000370026370000260030070000290032685200320035599900170038795201220040470002ES-MaACL20230906170703.0t|040714s1967 sp ||||1| spa d1 aPgarcía.99164510aA estribor, la Costa blanca b: (literatura de cabotaje) / cJosé García Martínez, Baldo Ferrer, Tomás Lorente. a[Murcia : bs.n., c1967] (fBelmar) aVI, 114 p., 12 lám. ; c22 cm.1 aFerrer, Baldo.9504091 aLorente, Tomás.974110 aES-MaACLjC-33047 bR.63889 c70002d70002 00104070aATENEOMbATENEOMcDEPO2d2008-01-17eSCl0oC-33047p1073304r2023-02-23 00:00:00w2023-02-23yMONOGRAFIA